000 00577nam a22002297a 4500
003 UA-OsUOA
001 97101
007 ta
008 20130326b un ||||| |||| 00| 0 ukr d
100 _aНовиков-Прибой А.С.
090 _a821.161.1
_bН73
942 _cBK
040 _aUA-OsUOA
_brus
_cUA-OsUOA
_dUA-OsUOA
245 _aЦусима
300 _a813 с.
955 _a3
041 _arus
080 _a821.161.1
260 _aМ.
_bМысль
_c1984
650 7 _a82 Література. Літературознавство
_2UDC
999 _c383352
_d383352